| 000 | 00863nam a2200253 a 4500 | ||
|---|---|---|---|
| 005 | 20191224041626.0 | ||
| 008 | 140304b2001 ck |||||rm||| 00| 0 spa d | ||
| 040 |
_aCO-BoIAVH _cCO-BoIAVH |
||
| 041 | _aspa | ||
| 044 | _ack | ||
| 090 |
_aTE _b0132 |
||
| 100 | 1 | _aCajiao Nieto, Javier | |
| 245 | 1 | 0 | _aEstructura de una comunidad de hormigueros, horneros y trepatroncos (Orden Aves) y su posible papel como indicadores para la caracterización de diferentes tipos de bosques en la Amazonia |
| 260 |
_aBogotá _bUniversidad de los Andes. Facultad de Ciencias _c2001 |
||
| 300 | _a71 Paginas. | ||
| 650 | 1 | 4 | _aEcología de comunidades |
| 650 | 1 | 4 | _aTrepatroncos |
| 650 | 1 | 4 | _aEspecies indicadoras |
| 650 | 1 | 4 | _aBioindicadores |
| 650 | 1 | 4 | _aAves |
| 650 | _aAvifauna | ||
| 662 | _aColombia | ||
| 942 |
_cTESIS _2z |
||
| 999 |
_c2182 _d2182 |
||